| 000 | 00450nam a2200157 i 4500 | ||
|---|---|---|---|
| 001 | 87285 | ||
| 003 | ES-MaACL | ||
| 005 | 20230906175634.0 | ||
| 007 | t| | ||
| 008 | 041220s1957 sp ||||1| spa d | ||
| 100 | 1 |
_aKruckenberg, María del Carmen. _968899 |
|
| 245 | 1 | 0 |
_aRumor de tiempo / _cMª C. Kruckenberg. |
| 260 |
_a[S.l. : _bs.n., _c1957] ( _eVigo : _fGráf. Nordeste) |
||
| 300 |
_a38 p. ; _c21 cm. |
||
| 852 |
_aES-MaACL _j2005-F-19 _bR.41487 |
||
| 999 |
_c87285 _d87285 |
||